Κατάλογος Βιβλιοθηκών Mediterranean College

Business Insider's View 2017: Σχέδια, Προϊόντα, Ανάγκες και Απαιτήσεις των Κορυφαίων Επιχειρήσεων στην Ελλάδα (Record no. 9244)

MARC details
000 -LEADER
fixed length control field 02798cam a22001934a 4500
005 - ΗΜΕΡΟΜΗΝΙΑ ΚΑΙ ΩΡΑ ΤΕΛΕΥΤΑΙΑΣ ΕΝΗΜΕΡΩΣΗΣ
Πεδίο ελέγχου 20250605164356.0
008 - FIXED-LENGTH DATA ELEMENTS--GENERAL INFORMATION
Πεδίο ελέγχου σταθερού μήκους 250528s ||||||||||||||||||||||||d
035 ## - SYSTEM CONTROL NUMBER
System control number 24356
040 ## - ΠΗΓΗ ΚΑΤΑΛΟΓΟΓΡΑΦΗΣΗΣ
Φορέας πρωτότυπης καταλογογράφησης MC Athens Campus Library
Γλώσσα καταλογογράφησης Ελληνικά, Μοντέρνα (1453-)
Modifying agency MC Athens Campus Library
Κανόνες περιγραφικής καταλογογράφησης AACR2
245 1# - ΤΙΤΛΟΣ ΚΑΙ ΔΗΛΩΣΗ ΥΠΕΥΘΥΝΟΤΗΤΑΣ
Τίτλος Business Insider's View 2017: Σχέδια, Προϊόντα, Ανάγκες και Απαιτήσεις των Κορυφαίων Επιχειρήσεων στην Ελλάδα
260 ## - PUBLICATION, DISTRIBUTION, ETC.
Date of publication, distribution, etc. 2017
300 ## - PHYSICAL DESCRIPTION
Extent 74
520 ## - SUMMARY, ETC.
Summary, etc. Time-to-Market: Εξωστρέφεια και Κλίμα Σταθερότητας στην Αγορά, Αυξημένα IT Budget: Ενδιαφέρον για IoT και Data Analysis και Cloud και ΒΙ, Επιχειρηματικότητα Ανάγκης δίχως Πίστη στη Καινοτομία, Όμιλος ΟΤΕ: Σταδιακή Μετατροπή σε Ψηφιακή Εταιρεία με Πλούτο Καινοτόμων Υπηρεσιών, Vodafone: Τετραπλές Υπηρεσίες σε Ένα Συμβόλαιο, Wind Ελλάς: Επενδυτικό Πλάνο που Ξεπερνά τα 500 εκατομύρια Ευρ΄ψ μέχρι το 2020, Forthnet: Προσιτές Καινοτόμες Υπηρεσίες με Έμφαση στον Συνδρομητή, Παπαστράτος: Το iQOS αλλάζει τα Δεδομένα στα Καπνικά Προϊόντα, Όμιλος ΚΟΡΡΕΣ: Ελληνικά Βότανα και Ενίσχυση της Διεθνούς Δραστηριότητας στο Τζίρο και Cloud, ΕΨΑ: Εξωστρέφεια Εντός και Εκτός των Συνόρων, Media Markt: Fully Omnichannel Προσέγγιση με Επιστροφή στην Κερδοφορία, Public: Ενδιαφέρον για Project Cloud και IB και Big Data, Καυκάς: Δεν Πουλάμε Προϊόντα αλλά Λύσεις, Eurobank: Καταλύτης για το Business Transformation n Τεχνολογία, Διεθνές Αεροδρόμιο Αθηνών: Έμφαση στην Αξιοποίηση των Non-Aeronautical Εσόδων, Interamerican: Ο Πλέον Digital Insurer στην Ευρ΄ψπη μέχρι το 2020, AXA Ασφαλιστική: Ψηφιακά Έτοιμοι για τις Νέες Προκλήσεις του Κλάδου, Όμιλος Bluegr Hotels and Resorts: Προσωποποιημένες Εμπειρίες και Υπηρεσίες για τους Φιλοξενούμενους, Όμιλος Zeus International: Αξιοποίηση του Τουριστικού Προϊόντος με Προσωποποιημένο Service.
700 1# - ΠΡΟΣΘΕΤΗ ΑΝΑΓΡΑΦΗ--ΦΥΣΙΚΟ ΠΡΟΣΩΠΟ
Personal name Μαρκέτος Παναγιώτης
9 (RLIN) 9453
700 1# - ΠΡΟΣΘΕΤΗ ΑΝΑΓΡΑΦΗ--ΦΥΣΙΚΟ ΠΡΟΣΩΠΟ
Personal name Μπούσιας Μιχάλης Κ
9 (RLIN) 9357
942 ## - ADDED ENTRY ELEMENTS (KOHA)
Koha item type Περιοδικά Δημοσιεύματα
Holdings
Τύπος τεκμηρίου Βιβλιοθήκη Τρέχουσα τοποθεσία Barcode Ημερομηνία απόκτησης Ταξιθετικό σύμβολο Αριθμός αντιτύπου Αρίθμηση σειρών / χρονολογία Κατάσταση απόσυρσης Κατάσταση χαμένου Κατάσταση κατεστραμμένου Μη δανεισμός Σύνολο δανεισμών Ημερομηνία τελευταίας εμφάνισης Η τιμή ισχύει από
Περιοδικά Δημοσιεύματα MC Athens Campus Library MC Athens Campus Library 9780000092434 05/06/2025 NETWEEK 1 400           05/06/2025 05/06/2025

MC Athens Campus Library
Πατησίων 94 & Κοδριγκτώνος 13, 104 34
Πελλήνης 8 & Πατησίων 107, 112 51
Τ: +30 210 8899600

MC Thessaloniki Campus Library
Ίωνος Δραγούμη 21, 54625 | Ίωνος Δραγούμη 15, 54625
Τ: +30 2310 287779 – Τ: +30 2314 440300